000 00316nam a22001337a 4500
008 171201b xxu||||| |||| 00| 0 eng d
020 _a0906127688
041 _aeng
080 _a37
100 _a46
101 _aEDU
245 _aCHARACTER BUILDING A GUIDE FOR PARENTS AND TEACHERS
_cISAACS,D
942 _2udc
_cBK
999 _c38665
_d38665